Dos interpretaciones de la revolución francesa

Gardado en:
Detalles Bibliográficos
Main Authors: Sénac de Meilhan, Gabriel (Author), Barnave, Antoine (Author)
Formato: Libro
Idioma:Lingua castelá
Publicado: Madrid Centro de Estudios Constitucionales 1990
Series:Clásicos Políticos
Subjects:
Tags: Engadir etiqueta
Sen Etiquetas, Sexa o primeiro en etiquetar este rexistro!

MARC

LEADER 00000nam a2200000 a 4500
001 UCI9145
003 CL-VaPUC
008 081024e19900000SP |||||||||||||||||spa|d
020 |a 8425908485 
082 0 4 |a 944.04  |b SEN  |2 21 
100 0 |a Sénac de Meilhan, Gabriel  |e author  |9 532758 
700 0 |a Barnave, Antoine  |e author  |9 532759 
245 1 0 |a Dos interpretaciones de la revolución francesa 
300 |a 280 p 
942 |c BK 
945 |d 20081024 00:00:00  |a jtorresc 
260 |a Madrid  |b Centro de Estudios Constitucionales  |c 1990 
650 0 |a Revolución francesa  |9 324244 
650 0 |a Historia de Francia  |9 336927 
650 7 |a CAUSAS  |2 CL-VaPUC  |9 397687 
650 0 |a Antiguo Régimen   |9 435865 
583 |a last modification  |c 20081024 00:00:00  |k Rodrigo Vera 
490 0 |a Clásicos Políticos 
999 |c 331755  |d 331753 
952 |0 0  |1 0  |4 0  |6 944_040000000000000_SEN_1990  |7 0  |8 A  |9 418833  |a BIBHIS  |b BIBHIS  |d 2019-11-22  |i 4492404  |o 944.04 SEN 1990  |p 4492404  |r 2025-01-20  |w 2019-11-22  |y BK  |k HIS